Datum a čas kvízu
43.5
Celkem bodů
Celkový počet nahraných bodů na tomto kvízu bez doplňovacích otázek.
1.
Pořadí na kvízu
Konečné umístění týmu na tomto kvízu.
Zaznamenané odpovědi
| # | Otázka | Odpověď | Body | Výsledky |
|---|---|---|---|---|
| 1. | Ve středu utekla jednomu chova... | o pumě | 1 | |
| 2. | V Pekingu byla minulý týden v... | Labubu | 1 | |
| 3. | Minulý týden proběhl v Hradci... | 30. ročník, Guns N' Roses | 1 | |
| 4. | Mediální skupina Mafra ve čtvr... | Ticketportal | 1 | |
| 5. | Na turnaji Oktagon 72 v pražsk... | Patrik Kincl; Machmud Muradov | 1 | |
| 6. | Toto téma začneme prostě, a to... | Mantikora (Mantichora) | 1 | |
| 7. | Termínem Jókai (Yōkai) se ozna... | D | 1 | |
| 8. | V roce 2009 byl Rodinným autem... | Škoda Yeti | 1 | |
| 9. | V této otázce bude vaším úkole... | 1D 2B 3A 4C | 1 | |
| 10. | Na závěr jedno české mytologic... | Blaník | 1 |